[Event "BCF-chT1a 1011 (4NCL)"]
[Site "England"]
[Date "2010.11.07"]
[Round "2.11"]
[White "Mestel, A Jonathan"]
[Black "Tiviakov, Sergei"]
[Result "0-1"]
[WhiteElo "2484"]
[BlackElo "2621"]
[PlyCount "78"]
[EventDate "2010.11.06"]
[EventType "team-tourn"]
[EventRounds "7"]
[EventCountry "ENG"]
[SourceTitle "CBM 139 Extra"]
[Source "ChessBase"]
[SourceDate "2011.01.05"]
[SourceVersion "1"]
[SourceVersionDate "2011.01.05"]
[SourceQuality "1"]
[WhiteTeam "The ADS"]
[BlackTeam "Pride and Prejudice"]
[WhiteTeamCountry "ENG"]
[BlackTeamCountry "ENG"]

1. Nf3 Nf6 2. c4 b6 3. g3 Bb7 4. Bg2 g6 5. b3 Bg7 6. Bb2 0-0 7. 0-0 e6 8. d4 d6 9. Qc2 c5 10. Nc3 Nc6 11. Rad1 Qe7 12. e3 Rfd8 13. a3 cxd4 14. exd4 d5 15. cxd5 Nxd5 16. Nxd5 exd5 17. Rfe1 Qd6 18. Ne5 Re8 19. Qd3 Rad8 20. Ng4 Bc8 21. Rxe8+ Rxe8 22. Ne3 Be6 23. Qb5 Rd8 24. b4 h5 25. h4 Bh6 26. Bc1 Kh7 27. Qd3 Ne7 28. Bf1 Rc8 29. Bd2 Nf5 30. Bg2 Nxe3 31. fxe3 Bf5 32. e4 dxe4 33. Bxe4 Bg4 34. Re1 Bxd2 35. Qxd2 Re8 36. d5 Kg8 37. Kh2 Qe5 38. d6 Qe6 39. d7 Qxd7 0-1

[Event "BCF-chT 0607 (4NCL)"]
[Site "Sunningdale"]
[Date "2007.01.14"]
[Round "6.3"]
[White "Dineley, Richard"]
[Black "Mestel, A Jonathan"]
[Result "0-1"]
[WhiteElo "2266"]
[BlackElo "2478"]
[PlyCount "66"]
[EventDate "2006.09.16"]
[EventType "team"]
[EventRounds "11"]
[EventCountry "ENG"]
[SourceTitle "EXT 2008"]
[Source "ChessBase"]
[SourceDate "2007.11.25"]
[SourceVersion "1"]
[SourceVersionDate "2007.11.25"]
[SourceQuality "1"]
[WhiteTeam "SW Dragons"]
[BlackTeam "The ADS"]
[WhiteTeamCountry "ENG"]
[BlackTeamCountry "ENG"]

1. e4 c5 2. Nf3 d6 3. d4 cxd4 4. Nxd4 Nf6 5. Nc3 g6 6. Be2 Nc6 7. 0-0 Bg7 8. Nb3 0-0 9. Bg5 Be6 10. Kh1 h6 11. Be3 d5 12. exd5 Nxd5 13. Nxd5 Qxd5 14. Qc1 Kh7 15. c3 Rad8 16. Nc5 Bc8 17. Qc2 Ne5 18. Rfd1 Qc6 19. Rxd8 Rxd8 20. Rd1 Bf5 21. Qb3 Rxd1+ 22. Qxd1 b6 23. Nd3 Nxd3 24. Bxd3 Qd5 25. Bc2 Qxa2 26. Bxf5 gxf5 27. Qc1 b5 28. h3 a5 29. Qd2 e6 30. Kh2 a4 31. Bc5 Qc4 32. Qd6 Qe2 33. Qe7 Kg6 0-1

[Event "BCF-chT 0607 (4NCL)"]
[Site "Sunningdale"]
[Date "2006.09.16"]
[Round "1.2"]
[White "Morrison, Graham"]
[Black "Mestel, A Jonathan"]
[Result "1-0"]
[WhiteElo "2336"]
[BlackElo "2486"]
[PlyCount "79"]
[EventDate "2006.09.16"]
[EventType "team"]
[EventRounds "11"]
[EventCountry "ENG"]
[SourceTitle "EXT 2008"]
[Source "ChessBase"]
[SourceDate "2007.11.25"]
[SourceVersion "1"]
[SourceVersionDate "2007.11.25"]
[SourceQuality "1"]
[WhiteTeam "NW Eagles"]
[BlackTeam "The ADS"]
[WhiteTeamCountry "ENG"]
[BlackTeamCountry "ENG"]

1. d4 Nf6 2. c4 g6 3. Nc3 Bg7 4. e4 d6 5. Nf3 0-0 6. Be2 Nbd7 7. 0-0 e5 8. Re1 c6 9. Bf1 a5 10. Rb1 Qe7 11. Bg5 h6 12. Bh4 g5 13. Bg3 Rd8 14. d5 Nc5 15. Nd2 h5 16. f3 h4 17. Bf2 Nh5 18. g4 hxg3 19. hxg3 g4 20. Be2 Bh6 21. fxg4 Nf6 22. Kg2 Kg7 23. Rh1 Rh8 24. Bf3 Bd7 25. Nf1 b5 26. dxc6 Bxc6 27. cxb5 Ncxe4 28. bxc6 Nxf2 29. Kxf2 e4 30. Bg2 Qa7+ 31. Ke1 Qc5 32. Qe2 Rae8 33. Qb5 Bd2+ 34. Kxd2 Qd4+ 35. Kc2 Re5 36. Qe2 Nd5 37. Rd1 Nb4+ 38. Kb1 Nd3 39. Rxh8 Kxh8 40. Qe3 1-0

[Event "BCF-chT 0506 (4NCL)"]
[Site "Birmingham"]
[Date "2006.03.05"]
[Round "8.2"]
[White "Mestel, A Jonathan"]
[Black "Collins, Sam E"]
[Result "1-0"]
[WhiteElo "2491"]
[BlackElo "2409"]
[PlyCount "45"]
[EventDate "2005.10.22"]
[EventType "team"]
[EventRounds "11"]
[EventCountry "ENG"]
[SourceTitle "EXT 2007"]
[Source "ChessBase"]
[SourceDate "2006.11.23"]
[SourceVersion "1"]
[SourceVersionDate "2006.11.23"]
[SourceQuality "1"]
[WhiteTeam "The ADS"]
[BlackTeam "Barbican"]
[WhiteTeamCountry "ENG"]
[BlackTeamCountry "ENG"]

1. c4 Nf6 2. Nc3 e5 3. Nf3 Nc6 4. e4 Bc5 5. Nxe5 Nxe5 6. d4 Bb4 7. dxe5 Nxe4 8. Qd4 Nxc3 9. bxc3 Bf8 10. Be2 b6 11. Bf3 Rb8 12. 0-0 Bc5 13. Qg4 Kf8 14. Bg5 Qe8 15. Rfe1 h6 16. Bf6 Rg8 17. Qf4 Bb7 18. Bd5 c6 19. Bf3 Qc8 20. Bh5 Qe8 21. Rad1 Ra8 22. Bg4 g5 23. Qe4 1-0

[Event "BCF-chT 0506 (4NCL)"]
[Site "Birmingham"]
[Date "2006.01.15"]
[Round "6.1"]
[White "Mestel, A Jonathan"]
[Black "Le Roux, Jean Pierre"]
[Result "0-1"]
[WhiteElo "2491"]
[BlackElo "2497"]
[PlyCount "76"]
[EventDate "2005.10.22"]
[EventType "team"]
[EventRounds "11"]
[EventCountry "ENG"]
[SourceTitle "EXT 2007"]
[Source "ChessBase"]
[SourceDate "2006.11.23"]
[SourceVersion "1"]
[SourceVersionDate "2006.11.23"]
[SourceQuality "1"]
[WhiteTeam "The ADS"]
[BlackTeam "Slough Sharks"]
[WhiteTeamCountry "ENG"]
[BlackTeamCountry "ENG"]

1. c4 e6 2. Nf3 Nf6 3. g3 d5 4. b3 Be7 5. Bg2 0-0 6. 0-0 a5 7. Nc3 c6 8. Bb2 Nbd7 9. d3 Rb8 10. Rc1 Re8 11. Qc2 Bf8 12. Rfe1 dxc4 13. bxc4 e5 14. Red1 Qc7 15. e3 Nb6 16. h3 Bf5 17. Nh4 Be6 18. Rb1 Nbd7 19. Na4 Rec8 20. Rbc1 Qd8 21. c5 Nd5 22. a3 b5 23. cxb6 N5xb6 24. Nxb6 Qxb6 25. Rd2 Qxb2 26. Qxb2 Rxb2 27. Rxb2 Bxa3 28. Rbc2 Bxc1 29. Rxc1 a4 30. Rc3 Kf8 31. Nf3 c5 32. Ra3 c4 33. dxc4 Rxc4 34. Bf1 Rb4 35. g4 f6 36. Nd2 Ke7 37. Bd3 h5 38. gxh5 Bxh3 0-1

[Event "BCF-chT 0506 (4NCL)"]
[Site "Birmingham"]
[Date "2006.01.14"]
[Round "5.1"]
[White "Lalic, Bogdan"]
[Black "Mestel, A Jonathan"]
[Result "1/2-1/2"]
[WhiteElo "2490"]
[BlackElo "2491"]
[PlyCount "25"]
[EventDate "2005.10.22"]
[EventType "team"]
[EventRounds "11"]
[EventCountry "ENG"]
[SourceTitle "EXT 2007"]
[Source "ChessBase"]
[SourceDate "2006.11.23"]
[SourceVersion "1"]
[SourceVersionDate "2006.11.23"]
[SourceQuality "1"]
[WhiteTeam "Wood Green II"]
[BlackTeam "The ADS"]
[WhiteTeamCountry "ENG"]
[BlackTeamCountry "ENG"]

1. d4 d6 2. Nf3 Bg4 3. c4 c6 4. Nc3 Nd7 5. e4 e5 6. Be2 Ngf6 7. 0-0 Be7 8. Be3 0-0 9. d5 Bh5 10. Nd2 Bg6 11. b4 c5 12. a3 b6 13. Qb3 1/2-1/2

[Event "BCF-chT 0405 (4NCL)"]
[Site "West Bromwich"]
[Date "2005.04.10"]
[Round "8.2"]
[White "Mestel, A Jonathan"]
[Black "Bates, Richard"]
[Result "0-1"]
[WhiteElo "2499"]
[BlackElo "2377"]
[PlyCount "56"]
[EventDate "2004.09.18"]
[EventType "team"]
[EventRounds "11"]
[EventCountry "ENG"]
[SourceTitle "EXT 2006"]
[Source "ChessBase"]
[SourceDate "2005.11.24"]
[SourceVersion "1"]
[SourceVersionDate "2005.11.24"]
[SourceQuality "1"]
[WhiteTeam "The ADS"]
[BlackTeam "Richmond"]
[WhiteTeamCountry "ENG"]
[BlackTeamCountry "ENG"]

1. c4 g6 2. Nc3 Bg7 3. d4 Nf6 4. e4 d6 5. Be2 0-0 6. Nf3 Na6 7. Bf4 Nh5 8. Bg5 h6 9. Be3 e5 10. 0-0 Nf4 11. Re1 Bg4 12. Bxf4 exf4 13. h3 Bh5 14. Qd2 g5 15. Rad1 c6 16. a3 Bg6 17. b4 Re8 18. Bf1 Bh5 19. c5 dxc5 20. bxc5 Nxc5 21. e5 Nb3 22. Qd3 c5 23. e6 Nxd4 24. Nxd4 Qxd4 25. Qf5 Qxc3 26. e7 Bxd1 27. Bd3 Qxe1+ 28. Kh2 Rxe7 0-1

[Event "BCF-chT 0304 (4NCL)"]
[Site "West Bromwich"]
[Date "2004.03.21"]
[Round "6.1"]
[White "Mestel, A Jonathan"]
[Black "Hanley, Craig"]
[Result "1-0"]
[WhiteElo "2496"]
[BlackElo "2322"]
[PlyCount "59"]
[EventDate "2003.10.18"]
[EventType "team"]
[EventRounds "11"]
[EventCountry "ENG"]
[SourceTitle "EXT 2005"]
[Source "ChessBase"]
[SourceDate "2004.11.15"]
[SourceVersion "1"]
[SourceVersionDate "2004.11.15"]
[SourceQuality "1"]
[WhiteTeam "The ADS"]
[BlackTeam "Micro Mark NWE"]
[WhiteTeamCountry "ENG"]
[BlackTeamCountry "ENG"]

1. c4 Nf6 2. Nc3 g6 3. g3 Bg7 4. Bg2 0-0 5. d3 e5 6. Nf3 d6 7. 0-0 Nc6 8. Rb1 a5 9. a3 h6 10. b4 axb4 11. axb4 Re8 12. b5 Nd4 13. e3 Nxf3+ 14. Bxf3 Nd7 15. Nd5 Nc5 16. b6 cxb6 17. Nxb6 Bf5 18. e4 Bh3 19. Bg2 Bxg2 20. Kxg2 Ra2 21. Be3 h5 22. Nd5 Qc8 23. Bxc5 dxc5 24. Qb3 Rd2 25. Rb2 Rxb2 26. Qxb2 h4 27. h3 Re6 28. Rb1 hxg3 29. fxg3 Qd8 30. Qxb7 1-0

[Event "BCF-chT 0304 (4NCL)"]
[Site "West Bromwich"]
[Date "2004.03.20"]
[Round "5.1"]
[White "Pert, Nicholas"]
[Black "Mestel, A Jonathan"]
[Result "1-0"]
[WhiteElo "2504"]
[BlackElo "2496"]
[PlyCount "53"]
[EventDate "2003.10.18"]
[EventType "team"]
[EventRounds "11"]
[EventCountry "ENG"]
[SourceTitle "EXT 2005"]
[Source "ChessBase"]
[SourceDate "2004.11.15"]
[SourceVersion "1"]
[SourceVersionDate "2004.11.15"]
[SourceQuality "1"]
[WhiteTeam "BET"]
[BlackTeam "The ADS"]
[WhiteTeamCountry "ENG"]
[BlackTeamCountry "ENG"]

1. d4 d6 2. g3 e5 3. dxe5 dxe5 4. Qxd8+ Kxd8 5. Nc3 c6 6. f4 Nd7 7. Nf3 Bd6 8. Ng5 Nh6 9. Nge4 Bc7 10. fxe5 Bxe5 11. Bxh6 gxh6 12. Bh3 Ke7 13. 0-0-0 Nf6 14. Bxc8 Raxc8 15. Nxf6 Bxf6 16. Ne4 Rcd8 17. Nxf6 Kxf6 18. Rhf1+ Kg6 19. Rd3 Rhe8 20. Kd2 f5 21. Rf4 h5 22. Rb4 b5 23. Rbd4 Rxd4 24. Rxd4 Re6 25. b4 a6 26. e3 Re4 27. Rxe4 1-0

[Event "BCF-chT 0304 (4NCL)"]
[Site "West Bromwich"]
[Date "2004.01.18"]
[Round "4.2"]
[White "Arkell, Keith C"]
[Black "Mestel, A Jonathan"]
[Result "0-1"]
[WhiteElo "2531"]
[BlackElo "2496"]
[PlyCount "92"]
[EventDate "2003.10.18"]
[EventType "team"]
[EventRounds "11"]
[EventCountry "ENG"]
[SourceTitle "EXT 2005"]
[Source "ChessBase"]
[SourceDate "2004.11.15"]
[SourceVersion "1"]
[SourceVersionDate "2004.11.15"]
[SourceQuality "1"]
[WhiteTeam "Numerica 3CS"]
[BlackTeam "The ADS"]
[WhiteTeamCountry "ENG"]
[BlackTeamCountry "ENG"]

1. d4 Nf6 2. Nf3 e6 3. c4 c5 4. d5 exd5 5. cxd5 d6 6. Nc3 g6 7. g3 Bg7 8. Bg2 0-0 9. 0-0 Re8 10. Nd2 a6 11. a4 Nbd7 12. Nc4 Nb6 13. Na3 Bd7 14. a5 Nc8 15. Nc4 Bb5 16. Qb3 Bxc4 17. Qxc4 b5 18. axb6 Nxb6 19. Qh4 Qc7 20. Bh6 Bh8 21. Bg5 Nfd7 22. Ra2 c4 23. Rfa1 Nc5 24. Ne4 Nxe4 25. Bxe4 c3 26. bxc3 Bxc3 27. Rc1 Qc4 28. Bb1 Qb3 29. Rac2 Bb2 30. Rd1 Rxe2 31. Rd3 Re1+ 32. Kg2 Qb5 33. Rc7 Bg7 34. Bc2 Nxd5 35. Rc4 Nb6 36. Rc7 Rc8 37. Rxc8+ Nxc8 38. Be3 Qc6+ 39. Kh3 h5 40. Qd8+ Kh7 41. Bb3 Qe4 42. Bxf7 Ne7 43. Rd5 Rg1 44. Bxg6+ Qxg6 45. Rg5 Qe6+ 46. Kh4 Ng6+ 0-1

[Event "BCF-chT 0203 (4NCL)"]
[Site "West Bromwich"]
[Date "2003.05.03"]
[Round "9.2"]
[White "Houska, Jovanka"]
[Black "Mestel, A Jonathan"]
[Result "1/2-1/2"]
[WhiteElo "2397"]
[BlackElo "2494"]
[PlyCount "88"]
[EventDate "2002.11.??"]
[EventType "team"]
[EventRounds "11"]
[EventCountry "ENG"]
[SourceTitle "EXT 2004"]
[Source "ChessBase"]
[SourceDate "2003.11.25"]
[SourceVersion "1"]
[SourceVersionDate "2003.11.25"]
[SourceQuality "1"]
[WhiteTeam "Slough"]
[BlackTeam "The ADS"]
[WhiteTeamCountry "ENG"]
[BlackTeamCountry "ENG"]

1. e4 c5 2. Nc3 g6 3. g3 Bg7 4. Bg2 Nc6 5. d3 d6 6. Be3 Rb8 7. Qd2 b5 8. Nge2 b4 9. Nd1 a5 10. 0-0 a4 11. f4 Qb6 12. a3 b3 13. c3 Nf6 14. h3 e6 15. Bf2 0-0 16. Ne3 d5 17. exd5 Nxd5 18. Nc4 Qa7 19. Nd6 f5 20. Nxc8 Rbxc8 21. c4 Nde7 22. Rab1 Rfd8 23. Qe3 Qd7 24. Rfe1 Kf7 25. Qxc5 Ne5 26. Qa5 Nxd3 27. Red1 Rxc4 28. Nc1 Nxf2 29. Rxd7 Rxd7 30. Kxf2 Rd1 31. Bf1 Rcxc1 32. Rxc1 Rxc1 33. Qxa4 Rc2+ 34. Kf3 Nc6 35. Bc4 Nd4+ 36. Ke3 Rxb2 37. Qd7+ Kf8 38. a4 Nc2+ 39. Kd2 Nd4+ 40. Kd3 Rb1 41. Bxb3 Nxb3 42. Qc8+ Kf7 43. Qc7+ Kf8 44. a5 Nxa5 1/2-1/2

[Event "BCF-chT 0203 (4NCL)"]
[Site "West Bromwich"]
[Date "2003.01.19"]
[Round "4.1"]
[White "Flear, Glenn C"]
[Black "Mestel, A Jonathan"]
[Result "0-1"]
[WhiteElo "2503"]
[BlackElo "2494"]
[PlyCount "82"]
[EventDate "2002.11.??"]
[EventType "team"]
[EventRounds "11"]
[EventCountry "ENG"]
[SourceTitle "EXT 2004"]
[Source "ChessBase"]
[SourceDate "2003.11.25"]
[SourceVersion "1"]
[SourceVersionDate "2003.11.25"]
[SourceQuality "1"]
[WhiteTeam "Guildford"]
[BlackTeam "The ADS"]
[WhiteTeamCountry "ENG"]
[BlackTeamCountry "ENG"]

1. d4 d6 2. e4 Nf6 3. Nc3 g6 4. f4 Bg7 5. a3 0-0 6. Nf3 b6 7. Bd3 Bb7 8. 0-0 c5 9. e5 Nd5 10. Nxd5 Bxd5 11. dxc5 dxe5 12. Nxe5 bxc5 13. c4 Bb7 14. Be3 Nd7 15. Nf3 Bxb2 16. Rb1 Bxf3 17. Rxf3 Rb8 18. Bf1 Qc7 19. f5 Be5 20. g3 Rxb1 21. Qxb1 Rb8 22. Qd1 Nf6 23. fxg6 hxg6 24. Kh1 Rb2 25. Rf2 Rxf2 26. Bxf2 Bd4 27. Bxd4 Qd6 28. Qa4 Qxd4 29. Qxa7 Qe4+ 30. Kg1 Qe3+ 31. Kh1 Kg7 32. Qb7 Qc1 33. Kg1 Qe3+ 34. Kh1 Qc1 35. Kg1 e5 36. a4 Qa3 37. Qa8 e4 38. Be2 Qa1+ 39. Kg2 Qb2 40. Kf1 Qa1+ 41. Kg2 Qe1 0-1

[Event "BCF-chT 0102 (4NCL)"]
[Site "Birmingham"]
[Date "2002.05.04"]
[Round "9.7"]
[White "Coleman, David"]
[Black "Mestel, A Jonathan"]
[Result "0-1"]
[WhiteElo "2234"]
[BlackElo "2495"]
[PlyCount "70"]
[EventDate "2001.09.22"]
[EventType "team"]
[EventRounds "11"]
[EventCountry "ENG"]
[SourceTitle "CBM 089"]
[Source "ChessBase"]
[SourceDate "2002.08.12"]
[SourceVersion "1"]
[SourceVersionDate "2002.08.12"]
[SourceQuality "1"]
[WhiteTeam "Barbican II"]
[BlackTeam "Beeson Gregory"]
[WhiteTeamCountry "ENG"]
[BlackTeamCountry "ENG"]

1. e4 c5 2. Nf3 d6 3. d4 Nf6 4. Nc3 cxd4 5. Nxd4 g6 6. Be3 Bg7 7. f3 0-0 8. Qd2 Nc6 9. Bc4 Bd7 10. h4 Rc8 11. Bb3 h5 12. g4 hxg4 13. h5 Nxh5 14. 0-0-0 Nxd4 15. Bxd4 Bxd4 16. Qxd4 e5 17. Qd2 Rxc3 18. bxc3 Qf6 19. Qxd6 Bc8 20. fxg4 Bxg4 21. Qxf6 Nxf6 22. Rd6 Kg7 23. Bd5 Bf3 24. Rxf6 Bxh1 25. Rf1 Bg2 26. Rf2 Bh3 27. Bxb7 Be6 28. a3 f5 29. exf5 gxf5 30. Ba6 f4 31. Bd3 Bd5 32. c4 Ba8 33. Re2 Re8 34. Be4 f3 35. Re3 Bxe4 0-1

[Event "BCF-chT 0001 (4NCL)"]
[Site "Birmingham"]
[Date "2001.03.17"]
[Round "7.2"]
[White "Mestel, A Jonathan"]
[Black "Hunt, Harriet"]
[Result "1-0"]
[WhiteElo "2488"]
[BlackElo "2426"]
[PlyCount "61"]
[EventDate "2000.09.??"]
[EventType "team"]
[EventRounds "11"]
[EventCountry "ENG"]
[SourceTitle "EXT 2002"]
[Source "ChessBase"]
[SourceDate "2001.11.25"]
[SourceVersion "1"]
[SourceVersionDate "2001.11.25"]
[SourceQuality "1"]
[WhiteTeam "IND II"]
[BlackTeam "WR"]
[WhiteTeamCountry "ENG"]
[BlackTeamCountry "ENG"]

1. c4 e5 2. Nc3 Nc6 3. g3 d6 4. Bg2 Be6 5. d3 Qd7 6. Rb1 g6 7. b4 Bg7 8. b5 Nd8 9. a4 Ne7 10. Nd5 0-0 11. a5 a6 12. b6 c6 13. Nc7 Rc8 14. Ba3 f5 15. Nf3 e4 16. Nd2 exd3 17. 0-0 Bf7 18. exd3 Ne6 19. Nxe6 Bxe6 20. Re1 Rce8 21. f4 h6 22. Bb2 Bf7 23. Nf3 c5 24. Bxg7 Kxg7 25. d4 Qc8 26. dxc5 dxc5 27. Qd6 Ng8 28. Ne5 Re7 29. Nxf7 Rexf7 30. Bd5 Rf6 31. Qc7+ 1-0

[Event "BCF-chT 9900 (4NCL)"]
[Site "Birmingham"]
[Date "2000.04.30"]
[Round "10.2"]
[White "Martin, Andrew D"]
[Black "Mestel, A Jonathan"]
[Result "0-1"]
[WhiteElo "2446"]
[BlackElo "2479"]
[PlyCount "82"]
[EventDate "1999.10.??"]
[EventType "team"]
[EventRounds "11"]
[EventCountry "ENG"]
[SourceTitle "EXT 2000"]
[Source "ChessBase"]
[SourceDate "1999.11.16"]
[SourceVersion "1"]
[SourceVersionDate "1999.11.16"]
[SourceQuality "1"]
[WhiteTeam "Wood Green II"]
[BlackTeam "The ADS"]
[WhiteTeamCountry "ENG"]
[BlackTeamCountry "ENG"]

1. d4 g6 2. e4 d6 3. Nc3 c6 4. Be3 Bg7 5. Qd2 b5 6. Nf3 Nd7 7. Bd3 Bb7 8. 0-0 a6 9. a4 b4 10. Ne2 c5 11. c3 Ngf6 12. Ng3 bxc3 13. bxc3 Qa5 14. Rab1 Rb8 15. e5 Nd5 16. c4 Nb4 17. e6 fxe6 18. Ng5 cxd4 19. Nxe6 dxe3 20. Nxg7+ Kf7 21. fxe3+ Kxg7 22. Rxb4 Bc6 23. Rfb1 Rxb4 24. Rxb4 Ne5 25. Qb2 Qc5 26. Nf1 Rf8 27. Be2 a5 28. Rb8 Rxb8 29. Qxb8 Bxa4 30. h4 Bc2 31. Qe8 Qa7 32. h5 gxh5 33. Qxh5 Bg6 34. Qg5 Nf7 35. Qb5 a4 36. c5 a3 37. cxd6 exd6 38. Bc4 Qc5 39. Qa6 Ne5 40. Ba2 Be4 41. Qa4 Qc2 0-1

[Event "BCF-chT 9900 (4NCL)"]
[Site "Birmingham"]
[Date "2000.03.26"]
[Round "8.2"]
[White "Turner, Matthew"]
[Black "Mestel, A Jonathan"]
[Result "0-1"]
[WhiteElo "2489"]
[BlackElo "2479"]
[PlyCount "46"]
[EventDate "1999.10.??"]
[EventType "team"]
[EventRounds "11"]
[EventCountry "ENG"]
[SourceTitle "EXT 2000"]
[Source "ChessBase"]
[SourceDate "1999.11.16"]
[SourceVersion "1"]
[SourceVersionDate "1999.11.16"]
[SourceQuality "1"]
[WhiteTeam "Slough"]
[BlackTeam "The ADS"]
[WhiteTeamCountry "ENG"]
[BlackTeamCountry "ENG"]

1. c4 e5 2. Nc3 d6 3. g3 g6 4. Bg2 Bg7 5. e3 Nc6 6. Nge2 h5 7. d4 h4 8. dxe5 Nxe5 9. f4 h3 10. Be4 Ng4 11. Bf3 N8f6 12. Nd5 0-0 13. Nxf6+ Nxf6 14. Nc3 c6 15. e4 Be6 16. Qd3 Qb6 17. b3 Nxe4 18. Bxe4 d5 19. cxd5 cxd5 20. Bf3 Bf5 21. Qd2 Rfe8+ 22. Kd1 Bxc3 23. Qxc3 Rac8 0-1

[Event "BCF-chT 9900 (4NCL)"]
[Site "Birmingham"]
[Date "1999.10.10"]
[Round "2.1"]
[White "Emms, John M"]
[Black "Mestel, A Jonathan"]
[Result "0-1"]
[WhiteElo "2586"]
[BlackElo "2479"]
[PlyCount "70"]
[EventDate "1999.10.??"]
[EventType "team"]
[EventRounds "11"]
[EventCountry "ENG"]
[SourceTitle "EXT 2000"]
[Source "ChessBase"]
[SourceDate "1999.11.16"]
[SourceVersion "1"]
[SourceVersionDate "1999.11.16"]
[SourceQuality "1"]
[WhiteTeam "Wood Green"]
[BlackTeam "The ADS"]
[WhiteTeamCountry "ENG"]
[BlackTeamCountry "ENG"]

1. e4 c6 2. d4 d5 3. Nd2 dxe4 4. Nxe4 Nd7 5. Ng5 Ngf6 6. Bd3 e6 7. N1f3 Bd6 8. 0-0 h6 9. Ne4 Nxe4 10. Bxe4 Qc7 11. b3 b6 12. Bb2 Bb7 13. Qe2 0-0-0 14. a4 a5 15. c4 Kb8 16. Rfd1 f5 17. Bc2 c5 18. d5 exd5 19. cxd5 Rhe8 20. Qf1 Ne5 21. Nh4 g6 22. f4 Ng4 23. Nxg6 Rg8 24. Bxf5 Rxg6 25. Qf3 Nxh2 26. Kxh2 Bxf4+ 27. Kh1 Rg3 28. Qe4 Re3 29. Qc4 Be5 30. Rab1 Qg7 31. Bxe5+ Qxe5 32. Qg4 h5 33. Qg6 Rxd5 34. Qxb6 Qxf5 35. Rf1 Rd1 0-1

[Event "BCF-chT 9899 (4NCL)"]
[Site "England"]
[Date "1999.03.21"]
[Round "8.2"]
[White "Parker, Jonathan"]
[Black "Mestel, A Jonathan"]
[Result "1/2-1/2"]
[WhiteElo "2522"]
[BlackElo "2485"]
[PlyCount "128"]
[EventDate "1998.10.??"]
[EventType "team"]
[EventRounds "11"]
[EventCountry "ENG"]
[SourceTitle "EXT 2000"]
[Source "ChessBase"]
[SourceDate "1999.11.16"]
[SourceVersion "1"]
[SourceVersionDate "1999.11.16"]
[SourceQuality "1"]
[WhiteTeam "BIG"]
[BlackTeam "BCM"]
[WhiteTeamCountry "ENG"]
[BlackTeamCountry "ENG"]

1. d4 d6 2. g3 g6 3. Bg2 Bg7 4. e4 Nf6 5. Ne2 0-0 6. 0-0 e5 7. Nbc3 exd4 8. Nxd4 Bd7 9. h3 Nc6 10. Nde2 Rb8 11. a4 Nb4 12. Bg5 h6 13. Be3 a5 14. Qd2 Kh7 15. g4 Re8 16. Ng3 Bc6 17. g5 hxg5 18. Bxg5 Qd7 19. f4 d5 20. e5 Ng8 21. Rad1 d4 22. Nce4 Bxa4 23. Nc5 Qb5 24. Nxa4 Qxa4 25. Be4 Qd7 26. c3 Nc6 27. cxd4 f6 28. Qe2 f5 29. Bxc6 bxc6 30. h4 Nh6 31. Bxh6 Bxh6 32. Rd3 Rb4 33. Qf2 c5 34. Rfd1 c4 35. Re3 c6 36. Rd2 Reb8 37. Ree2 Qe7 38. Nf1 Rb3 39. Re3 Qb7 40. Rxb3 Qxb3 41. Kh2 a4 42. h5 gxh5 43. Ne3 c3 44. bxc3 a3 45. Rc2 Ra8 46. Qh4 Qf7 47. Rc1 Rb8 48. c4 Rb2+ 49. Kg3 a2 50. Ra1 Bf8 51. Kf3 Qg6 52. d5 cxd5 53. cxd5 Bc5 54. d6 Rb3 55. Qe7+ Kh6 56. Qf8+ Kh7 57. Qe7+ Kh6 58. Qf8+ Qg7 59. Qxg7+ Kxg7 60. Rxa2 Rxe3+ 61. Kg2 Ra3 62. Rc2 Ra5 63. Kg3 Kf7 64. Kh4 Bxd6 1/2-1/2

[Event "BCF-chT 9899 (4NCL)"]
[Site "England"]
[Date "1998.10.24"]
[Round "1.2"]
[White "Mestel, A Jonathan"]
[Black "Wall, Gavin"]
[Result "1-0"]
[WhiteElo "2485"]
[BlackElo "2355"]
[PlyCount "53"]
[EventDate "1998.10.??"]
[EventType "team"]
[EventRounds "11"]
[EventCountry "ENG"]
[SourceTitle "EXT 2000"]
[Source "ChessBase"]
[SourceDate "1999.11.16"]
[SourceVersion "1"]
[SourceVersionDate "1999.11.16"]
[SourceQuality "1"]
[WhiteTeam "BCM"]
[BlackTeam "Richmond"]
[WhiteTeamCountry "ENG"]
[BlackTeamCountry "ENG"]

1. c4 c5 2. Nf3 Nc6 3. g3 g6 4. Bg2 Bg7 5. Nc3 d6 6. a3 Nf6 7. Rb1 a5 8. 0-0 0-0 9. b3 Bf5 10. d3 Qd7 11. Re1 Bh3 12. Bh1 h6 13. Bb2 Rae8 14. d4 b6 15. d5 Nd8 16. Qd2 Qg4 17. e4 Nd7 18. Nb5 Nb7 19. Nh4 Qh5 20. f4 Bxb2 21. Rxb2 Kh7 22. Qd3 f6 23. Bf3 Bg4 24. Bg2 e5 25. dxe6 Bxe6 26. Nc7 Re7 27. Nxe6 1-0

[Event "BCF-ch 84th"]
[Site "Hove"]
[Date "1997.08.13"]
[Round "9"]
[White "Mestel, A Jonathan"]
[Black "Houska, Miroslav"]
[Result "1-0"]
[WhiteElo "2500"]
[BlackElo "2360"]
[PlyCount "117"]
[EventDate "1997.08.04"]
[EventType "swiss"]
[EventRounds "11"]
[EventCountry "ENG"]
[SourceTitle "EXT 1999"]
[Source "ChessBase"]
[SourceDate "1998.11.16"]
[SourceVersion "1"]
[SourceVersionDate "1998.11.16"]
[SourceQuality "1"]

1. c4 f5 2. g3 g6 3. Bg2 Bg7 4. Nc3 Nf6 5. d3 0-0 6. e4 d6 7. Nge2 c5 8. exf5 gxf5 9. 0-0 Nc6 10. h3 e5 11. Be3 Kh8 12. f4 Nd4 13. Qd2 Rb8 14. Rae1 Bd7 15. Kh2 a6 16. fxe5 dxe5 17. Bh6 Bxh6 18. Qxh6 Nc2 19. Rc1 Qb6 20. Qd2 Nd4 21. Rce1 Qd6 22. Rf2 Rg8 23. Rg1 Rg6 24. Nd5 Nh5 25. Nxd4 cxd4 26. Bf3 Ng7 27. Qb4 Qxb4 28. Nxb4 Re8 29. Re1 b5 30. c5 a5 31. Nd5 Ne6 32. Rxe5 Nxc5 33. Rxe8+ Bxe8 34. Nf4 Rd6 35. Rc2 Ne6 36. Re2 Nc7 37. Re7 Rd7 38. Re5 Bg6 39. Bc6 Rd8 40. Bxb5 Rb8 41. a4 Be8 42. Bxe8 Nxe8 43. Rb5 Rxb5 44. axb5 Nd6 45. b6 Kg8 46. Ne6 Nb7 47. Nxd4 Kf7 48. Nxf5 Ke6 49. g4 Kd7 50. g5 Nc5 51. h4 Nxd3 52. h5 Nf4 53. h6 Ng6 54. b7 Kc7 55. Nd6 Ne7 56. Kg3 Ng6 57. Kg4 Ne7 58. Kf4 Nc6 59. g6 1-0